गुरु ग्रन्थ साहिब : (Record no. 120847)

MARC details
000 -LEADER
fixed length control field 01336nam a22002897a 4500
003 - CONTROL NUMBER IDENTIFIER
control field dpl
005 - DATE AND TIME OF LATEST TRANSACTION
control field 20181227130851.0
008 - FIXED-LENGTH DATA ELEMENTS--GENERAL INFORMATION
fixed length control field 181227b ||||| |||| 00| 0 eng d
010 ## - LIBRARY OF CONGRESS CONTROL NUMBER
LC control number B-186265, B-186267
020 ## - INTERNATIONAL STANDARD BOOK NUMBER
Terms of availability 85.00
International Standard Book Number 8188886181
035 ## - SYSTEM CONTROL NUMBER
System control number B-186265, B-186267
037 ## - SOURCE OF ACQUISITION
Source of stock number/acquisition Cen Lib/Ret
040 ## - CATALOGING SOURCE
Original cataloging agency DPL
Language of cataloging HN
Transcribing agency 0
082 ## - DEWEY DECIMAL CLASSIFICATION NUMBER
Classification number 260.2
Item number जगजी
100 ## - MAIN ENTRY--PERSONAL NAME
Personal name जगजीत सिंह
9 (RLIN) 92956
245 ## - TITLE STATEMENT
Title गुरु ग्रन्थ साहिब :
Statement of responsibility, etc जगजीत सिंह
Remainder of title स्वरुप, संरचना और सिद्धांत /
246 ## - VARYING FORM OF TITLE
Title proper/short title Guru granth sahib : swarup, sanrachana aur siddhant /
Remainder of title by Jagjeet Singh
260 ## - PUBLICATION, DISTRIBUTION, ETC. (IMPRINT)
Place of publication, distribution, etc नई दिल्ली
Name of publisher, distributor, etc फर्स्ट एडिशन
Date of publication, distribution, etc 2005
270 ## - ADDRESS
Address 67 एल जी एक कैलाश हिल्स
City नई दिल्ली
Postal code 110065
300 ## - PHYSICAL DESCRIPTION
Extent 280पृ.
Dimensions 21सेमी(सजिल्द)
500 ## - GENERAL NOTE
General note अनुक्रमणिका शामिल
650 ## - SUBJECT ADDED ENTRY--TOPICAL TERM
Topical term or geographic name as entry element क्रम और प्रमुख वाणी
9 (RLIN) 83776
650 ## - SUBJECT ADDED ENTRY--TOPICAL TERM
Topical term or geographic name as entry element शास्त्रीय रागों में बंधी वाणी
9 (RLIN) 92957
650 ## - SUBJECT ADDED ENTRY--TOPICAL TERM
Topical term or geographic name as entry element Order and major voice
9 (RLIN) 92958
650 ## - SUBJECT ADDED ENTRY--TOPICAL TERM
Topical term or geographic name as entry element Tied voice in classical ragas
9 (RLIN) 92959
942 ## - ADDED ENTRY ELEMENTS (KOHA)
Source of classification or shelving scheme Dewey Decimal Classification
Koha item type Hindi Books
Classification part 260.2
Call number suffix जगजी
Holdings
Withdrawn status Lost status Damaged status Not for loan Home library Current library Date acquired Source of acquisition Cost, normal purchase price Total Checkouts Full call number Barcode Date last seen Date checked out Copy number Cost, replacement price Price effective from Koha item type Source of classification or shelving scheme Collection code
        Central Library Central Library 29/09/2015 Cen Lib/Ret 85.00 6 260.2 जगजी B-186265 23/03/2021 08/03/2021 1 85.00 29/09/2015 Hindi Books    
        Shahdara Branch Shahdara Branch 27/12/2018 BPPD/PUB 85.00   260.2 जगजी B-186267 27/12/2018     85.00 27/12/2018 Hindi Books Dewey Decimal Classification Non-fiction

© Delhi Public Library
Hit Counter
free hit counter